000 00270nam a22001097a 4500
008 160511b xxu||||| |||| 00| 0 eng d
020 _a0582280567
041 _aeng
080 _a371
245 _aEducational research:
_cWalter Bor; Meredith Damien Gall;
942 _2udc
_cBK
999 _c2022
_d2022